00463nam a22000977a 4500003000400000008004100004245004400045250020300089260005800292650001500350OSt201211b ||||| |||| 00| 0 eng d aPrabandhan Indian Journal of Management a2016(Jan Vol.9 No.1, Feb Vol.9 No.2, Mar Vol.9 No.3, Apr Vol.9 No.4, May Vol.9 No.5, Jun Vol.9 No.6, Jul Vol.9 No.7, Aug Vol.9 No.8, Sep Vol.9 No.9 Oct Vol.9 No.10, Nov Vol.9 No.11, Dec Vol.9 No.12) aNew DelhibAssociated Management Consultant Pvt, Ltd. aManagement